000 00962nam a2200265 a 4500
001 000003296
005 20240516134500.0
008 090707s2004 dr 001 0 spa d
020 _a9993494933
040 _aDO-SdBNP
_bspa
_cBNPHU
082 _a382.92
_bC212s
100 1 _aCanal-Forgues, Eric
_99519
245 1 0 _aSolución de diferencias frente a la OMC /
_cEric Canal-Forgues ; colaboración Alexandre Thillier.
260 _aSanto Domingo :
_bEdiciones Unicaribe,
_c2004.
_fSomos Artes Gráficas
300 _a168 p. ;
_c21 cm.
500 _aIncluye índice
504 _aIncluye referencias bibliográficas y notas al pie de las páginas.
590 _aInventariado, 2018/VM
610 2 0 _aWORLD TRADE ORGANIZATION
_910366
650 0 _aComercio internacional
_910367
650 4 _aRegulación del comercio exterior
_98571
700 1 _aThiller, Alexandre,
_910368
710 1 _aWorld Trade Organization
_910369
910 _aJornada de catalogación
999 _c3127
_d3127